000 00506cam a2200193 4500
001 D6538
008 090401t1985 xxu||||| |||| 00| 0 eng d
035 _a(Sirsi) u1351
041 _aeng
050 _a346.410438
110 _aEngland and Wales
_bLaw Commission
_93302
245 _aTransfer of land: formalities for contracts for sale etc. of land
260 _aLondon
_bHMSO
_c1985
300 _aiv. 79p. 21cm
350 _a2.25
490 _aWorking Paper
_v92
942 _n0
948 _c04/03/1997
999 _c85661
_d85661